Mining policy initiatives (Record no. 77684)

MARC details
000 -LEADER
fixed length control field 00848nam a2200169 a 4500
008 - FIXED-LENGTH DATA ELEMENTS--GENERAL INFORMATION
fixed length control field 120416s0000 ||||||||||||||||| || u
020 ## - INTERNATIONAL STANDARD BOOK NUMBER
International Standard Book Number 8176482390
050 ## - LIBRARY OF CONGRESS CALL NUMBER
Classification number TN 155 Min
100 ## - MAIN ENTRY--PERSONAL NAME
Personal name Dhar, B. B
245 10 - TITLE STATEMENT
Title Mining policy initiatives
Statement of responsibility, etc. edited by B. B. Dhar
260 ## - PUBLICATION, DISTRIBUTION, ETC.
Place of publication, distribution, etc. New Delhi
Name of publisher, distributor, etc. A.P.H. Publishing corporation
Date of publication, distribution, etc. 2001
350 ## -
-- 0.00
700 ## - ADDED ENTRY--PERSONAL NAME
Personal name Gautam, N. N
995 ## -
-- MAIN LIBRARY OPEN ACCESS
-- 0.00
-- 733189
-- CBU-MAIN LIBRARY (Kitwe)
-- 1
-- 90.00
-- TN 155 Min
-- 1
-- AVAILABLE
-- 44476
-- Main Library Open Access Collection
995 ## -
-- ANNEX COLLECTION (Main Library)
-- 0.00
-- 733190
-- CBU-MAIN LIBRARY (Kitwe)
-- 3
-- 90.00
-- TN 155 Min
-- 3
-- AVAILABLE
-- 44473
-- Annex Low-Usage Collection
995 ## -
-- MAIN LIBRARY OPEN ACCESS
-- 0.00
-- 733189
-- CBU-MAIN LIBRARY (Kitwe)
-- 2
-- 90.00
-- TN 155 Min
-- 2
-- AVAILABLE
-- 44474
-- Main Library Open Access Collection
999 ## -
-- 77684
-- 77684
Holdings
Withdrawn status Lost status Source of classification or shelving scheme Damaged status Not for loan Permanent Location Current Location Shelving location Date acquired Total Checkouts Full call number Barcode Date last seen Copy number Price effective from Koha item type
          CBU-MAIN LIBRARY, KITWE. CBU-MAIN LIBRARY, KITWE.   05/03/2023   TN 155 Min 44476 05/03/2023 1 05/03/2023 MONOGRAPH
          CBU-MAIN LIBRARY, KITWE. CBU-MAIN LIBRARY, KITWE.   05/03/2023   TN 155 Min 44473 05/03/2023 2 05/03/2023 MONOGRAPH
          CBU-MAIN LIBRARY, KITWE. CBU-MAIN LIBRARY, KITWE.   05/03/2023   TN 155 Min 44474 05/03/2023 3 05/03/2023 MONOGRAPH